000 00955nam a2200217 i 4500
001 69455
003 ES-MaACL
005 20230906170526.0
007 t|
008 040706m19471948sp ||||1| spa d
100 1 _aGarcía Carraffa, Alberto.
_954342
245 1 3 _aEl solar vasco navarro /
_cpor A. y A. García Carraffa.
260 _aMadrid :
_bArtes Gráficas,
_c1947-1948 (
_eSalamanca :
_fImp. Comercial Salmantina)
300 _a6 v., 111 lám. ;
_c25 cm.
505 8 _aContiene: t. I. A-Amias (319 p.) -- t. II. Amici-Butron (536 p.) -- t. III. Caarrabal-Goicoechea (430 p.) -- t. IV. Goicoecheon-Luzuriaga (492 p.) -- t. V. Llaguno-Rújula (392 p.) -- t. VI. Saalegui-Zuzuarregui (407 p.)
651 4 _aPaís Vasco-
_zGenealogía.
_9157576
651 4 _aNavarra (Comunidad Autónoma)-
_xGenealogía.
_9157577
700 1 _aGarcía Carraffa, Arturo.
_954343
852 _aES-MaACL
_jB-1761-66
_bR.27067
852 _aES-MaACL
_jB-1771-76
_bR.28507
999 _c69455
_d69455